Matemática rápida - Statistics

Estatísticas Gerais
  • Esse quiz foi jogado 166 vezes
  • A pontuação média é 11 de 12
Estatísticas das Respostas
Problema Resposta % Correto
152 + 23 175
100%
52 + 57 109
99%
132 + 123 255
99%
175 X 2 350
94%
13 X 5 65
94%
426 ÷ 2 213
92%
432 - 212 220
92%
73 - 47 26
91%
11 x 11 121
91%
232 -118 114
89%
396 ÷ 3 132
89%
168 ÷ 4 42
83%
Nenhum quiz correspondente encontrado
Distribuição das Pontuações
Porcentagem de Pessoas com Cada Pontuação
Percentil de Números Respondidos
Sua Pontuação Histórica
Você não jogou esse quiz